| 000 | 01620nam a22002777a 4500 | ||
|---|---|---|---|
| 005 | 20170124103206.0 | ||
| 010 | _aB-175858 | ||
| 020 |
_c180.00 _a818842529 |
||
| 035 | _aB-175858 | ||
| 037 | _bCen Lib/Ret | ||
| 040 |
_aDPL _bHN |
||
| 082 |
_a921 _bबीरबी |
||
| 100 |
_aबीर, बी.एस. _942260 |
||
| 245 |
_aएक विशिष्ट व्यक्तित्व : _cबी.एस बीर, सुरिन्दर बीर सिंह सेठी [और] राविन्द्र सिंह सोढ़ी _bप्रधानमंत्री डॉ मनमोहन सिंह / |
||
| 246 |
_aEk vishisht vyaktitva : pradhanmantri Dr. Manmohan Singh / _bby B.S. Beer, Surindra Beer Singh Sethi [aur] Ravindra Singh Sodhi |
||
| 260 |
_aदिल्ली _bभारतीश्री प्रकाशन _c2005 |
||
| 270 |
_bदिल्ली _a598-बी, पांडव रोड, विश्वास नगर, शाहदरा _e110032 |
||
| 300 |
_a143पृ. _c21सेमी (सजिल्द) |
||
| 650 |
_aप्रधानमंत्री -- भारत - जीवनी। _993958 |
||
| 650 |
_aडॉ. मनमोहन सिंह -- भारत -- जीवनी _993959 |
||
| 650 |
_aPrime Minister -- India -- Biography. _993960 |
||
| 650 |
_aDr. Manmohan Singh -- India -- Biography. _993961 |
||
| 700 |
_a सेठी, सुरिन्दर बीर सिंह _993962 |
||
| 700 |
_a सोढ़ी, राविन्द्र सिंह _946054 |
||
| 942 |
_2ddc _cHN _h921 _mबीरबी |
||
| 999 |
_c121018 _d121018 |
||